000
00333nam a2200145Ia 4500
008
230718s9999 xx 000 0 und d
041
_a
Eng.
082
_a
340
_b
DAD-H
100
_a
Dadomo, Christian
245
0
_a
How to Prepare for law
260
_a
Pakistan
_b
Muneeb laur
_c
2006
300
_a
232
650
_a
Law
999
_c
26234
_d
26234